Name the Author - Statistics

General Stats
  • This quiz has been taken 30 times
    16 since last reset
  • The average score is 4 of 20
Answer Stats
Hint Answer % Correct
Harry potter JK Rowling
100%
Narnia Series C.S Lewis
42%
Famous Five Enid Blyton
42%
The Diary of A wimpy Kid Jeff Kinney
33%
Lord of the rings J.R.R Tolkien
25%
Twilight Series Stephenie Meyer
25%
The Hunger Games Suzanne Collins
25%
Divergent Series Veronica Roth
25%
Emma Jane Austen
17%
Geek Girl Series Holly Smale
8%
Diamond Jacqueline Wilson
8%
The Maze Runner James Dashner
8%
All the Bright Places Jennifer Niven
8%
Tommorow when the war began John Marsden
8%
The Selection Series Kiera Cass
8%
Gone Series Micheal Grant
8%
Cherub Series Robert Muchmore
8%
Henderson Boys Robert Muchmore
8%
Girl Online Series Zoe Sugg
8%
War Horse Micheal Morpurgo
0%
No matching quizzes found
Score Distribution
Percent of People with Each Score
Percentile by Number Answered
Your Score History
You have not taken this quiz since the last reset